Mallarmé entre nosotros /

Kaydedildi:
Detaylı Bibliyografya
Yazar: Reyes, Alfonso (autor)
Materyal Türü: Kitap
Dil:İspanyolca
Baskı/Yayın Bilgisi: México : Fondo de Cultura Económica, 1955, c1955
Edisyon:2a edición
Seri Bilgileri:(Tezontle)
Konular:
Etiketler: Etiketle
Etiket eklenmemiş, İlk siz ekleyin!

MARC

LEADER 00000nam^a2200000^a^4500
001 000153916
005 20250526000000.0
009 20260310100336.71
037 |a Acervo ITESO - Biblioteca 
041 |a ESP 
082 |a 840. 944081  |b REY 
100 |a Reyes, Alfonso  |e (autor) 
245 1 0 |a Mallarmé entre nosotros /  |c A. Reyes. 
250 |a 2a edición 
264 4 |a México :  |b Fondo de Cultura Económica,  |c 1955, c1955 
300 |a 94 p. ;  |c 18.0 cm. 
440 1 |a (Tezontle) 
545 0 |a Stephane Mallarmé (1842-1898), escritor francés, es calificado como uno de los creadores y pensadores más brillantes de la poesía simbolista, cuya fecha de nacimiento se sitúa hacia 1876, año en que este autor publica La siesta de un fauno. Empero, los temas, imágenes y el repertorio de objetos que caracterizan su poesía habían empezado a gestarse casi diez años atrás, cuando inicia el relato Igitur, o la locura de Elbehnon (1867). Admirado por sus contemporáneos Paul Verlaine y Joris-Karl Huysmans y considerado como el fundador de una escuela, Stéphane Mallarmé presentó Una tirada de dados jamás abolirá el azar en 1897, un año antes de su muerte. Figura clave en el desarrollo de la poesía moderna, su obra ha influido en los poetas dadaístas, los futuristas, los herméticos y los llamados poetas visuales. 
545 0 |a Alfonso Reyes (Monterrey, 1889 - Ciudad de México, 1959) es uno de los grandes escritores del país y un destacado impulsor de la cultura en el México postrevolucionario, línea en la que destaca su participación en la creación del Ateneo de la Juventud, junto con Pedro Henríquez Ureña, Antonio Caso y José Vasconcelos, entre otros intelectuales interesados en trazar las líneas del México moderno. Formado en la Escuela Nacional de Jurisprudencia, su agudeza y curiosidad intelectual lo convirtieron en un profundo conocedor del pensamiento y la creación de la Grecia clásica, herencia de la que bebe toda su escritura, particularmente sus ensayos. Como diplomático vivió en París, España, Argentina y Brasil, entre 1920 y 1939, cuando regresó a México. Fue reconocido con numerosos premios, entre los que destaca el Premio Nacional de Ciencias y Artes en 1945. Es autor de una obra muy vasta, con el ensayo y la poesía en el centro de su creación. Unos pocos de sus títulos son: Cuestiones estéticas (1911), Visión de Anáhuac (1917), Ifigenia cruel (1924), Egloga de los ciegos (1925), Cuestiones gongorinas (1927), Discurso por Virgilio (1931), Romances del río de enero (1933), La crítica en la edad ateniense (1941), La experiencia literaria (1942), El deslinde (1944), La vega y el soto (1946), Los trabajos y los días (1946), Grata compañía (1948), Nuevos romances sordos (1954), Estudios helénicos (1957) y Crónica de Monterrey (1960). 
649 |a XX 
650 |a Escritores Franceses 
650 |a Poesía Francesa -  |x Historia y Crítica 
650 |a Ensayos Mexicanos 
650 |a Literatura Francesa -  |x Historia y Crítica 
650 |a Literatura Francesa -  |y Siglo XIX 
650 |a Literatura Mexicana -  |y Siglo XX 
650 |a Simbolismo (Corriente) -  |z Francia -  |x Historia y Crítica 
650 |a Simbolismo (Corriente) -  |x Historia y Crítica 
650 |a Mallarmé, Stéphane -  |x Tema Principal 
910 |a Fondo Salvador Reynoso Reynoso 
920 |a Impresos - Libros 
930 |a Libros Antiguos y Raros 
940 |a Literatura 
905 |a 108 
901 |a 0800016161  |b IT2  |c LRA  |u 20250526 
902 |a https://opac.biblio.iteso.mx/vufind/Record/000153916